[Event "Mazowiec-chT 0910"]
[Site "Mazowsze"]
[Date "2010.01.17"]
[Round "4.23"]
[White "Galazka, Krzysztof"]
[Black "Prazmowski, Bartosz"]
[Result "1-0"]
[WhiteElo "1864"]
[BlackElo "1842"]
[PlyCount "61"]
[EventDate "2009.11.29"]
[EventType "team-tourn"]
[EventRounds "11"]
[EventCountry "POL"]
[SourceTitle "EXT 2011"]
[Source "ChessBase"]
[SourceDate "2010.11.26"]
[SourceVersion "1"]
[SourceVersionDate "2010.11.26"]
[SourceQuality "1"]

1. e4 c6 2. d4 d5 3. e5 Bf5 4. Ne2 e6 5. Ng3 Bg6 6. h4 h5 7. Be2 Nd7 8. Nd2 Ne7 9. Nf3 Nf5 10. Nxf5 Bxf5 11. 0-0 Be7 12. g3 Qc7 13. Bf4 Qb6 14. b3 Bb4 15. Bd2 Bg4 16. c3 Be7 17. Kg2 Rc8 18. Ne1 Bxe2 19. Qxe2 c5 20. Nf3 cxd4 21. cxd4 0-0 22. Qd3 Bb4 23. Rac1 Bxd2 24. Qxd2 Rxc1 25. Rxc1 f6 26. exf6 Nxf6 27. Ng5 Ng4 28. f3 Nh6 29. Re1 Re8 30. Qf4 Nf5 31. Qxf5 1-0

[Event "Mazowiec-chT 0708"]
[Site "Poland"]
[Date "2007.12.09"]
[Round "5"]
[White "Sikorski, Thomas"]
[Black "Galazka, Krzysztof"]
[Result "0-1"]
[WhiteElo "1903"]
[BlackElo "1867"]
[PlyCount "56"]
[EventDate "2007.10.14"]
[EventType "team-tourn"]
[EventRounds "10"]
[EventCountry "POL"]
[SourceTitle "EXT 2010"]
[Source "ChessBase"]
[SourceDate "2010.11.25"]
[SourceVersion "1"]
[SourceVersionDate "2010.11.25"]
[SourceQuality "1"]

1. e4 e5 2. c3 d5 3. exd5 Qxd5 4. d3 Nf6 5. Bg5 Be7 6. Nd2 Bf5 7. Ndf3 Nc6 8. Qb3 Qd6 9. Qc2 h6 10. Bxf6 Bxf6 11. 0-0-0 0-0 12. Nd2 Qd5 13. b3 b5 14. Ne4 Be7 15. Ne2 Rfd8 16. c4 bxc4 17. N2c3 Ba3+ 18. Kb1 cxb3 19. axb3 Qa5 20. Na4 Nd4 21. Qc3 Bb4 22. Qc4 Rab8 23. Nb2 Be6 24. Qxe6 fxe6 25. Nc4 Qa6 26. Nxe5 Be7 27. Kc1 Qa2 28. Rd2 Qa1# 0-1

[Event "Mazowieckie-chT 0506"]
[Site "Poland"]
[Date "2005.11.06"]
[Round "3"]
[White "Galazka, Krzysztof"]
[Black "Kania, Wlodzimierz"]
[Result "0-1"]
[WhiteElo "2000"]
[BlackElo "2000"]
[PlyCount "114"]
[EventDate "2005.10.09"]
[EventType "team-tourn"]
[EventRounds "9"]
[EventCountry "POL"]
[SourceTitle "EXT 2019"]
[Source "ChessBase"]
[SourceDate "2018.10.10"]
[SourceVersion "1"]
[SourceVersionDate "2018.10.10"]
[SourceQuality "1"]

1. e4 e5 2. Nf3 Nc6 3. d4 exd4 4. Bc4 d6 5. Nxd4 Nxd4 6. Qxd4 Qf6 7. Qd3 Be7 8. Nc3 c6 9. 0-0 Nh6 10. h3 0-0 11. Be3 Be6 12. f4 Bxc4 13. Qxc4 Qe6 14. Qxe6 fxe6 15. f5 Nf7 16. fxe6 Nd8 17. Rxf8+ Bxf8 18. Rd1 Nxe6 19. Ne2 Be7 20. c4 b6 21. Bf4 Rd8 22. Kf2 Nxf4 23. Nxf4 Kf7 24. b3 g5 25. Nd3 Ke6 26. Nb4 Rc8 27. Ke2 a5 28. Nc2 Bf6 29. Ne3 Be5 30. Nf5 b5 31. Rc1 b4 32. Rd1 a4 33. h4 axb3 34. axb3 gxh4 35. Nxh4 Rg8 36. Kf1 Rg4 37. Nf3 Bc3 38. Rd3 h6 39. Re3 Be5 40. Kf2 c5 41. Nxe5 Kxe5 42. Rh3 Rf4+ 43. Kg3 Rf6 44. Kg4 Kxe4 45. Kh5 d5 46. cxd5 Kxd5 47. Rh4 Rf2 48. g4 Rf6 49. Rh1 c4 50. bxc4+ Kxc4 51. Rc1+ Kb3 52. Rc5 Kb2 53. Rc8 b3 54. Rb8 Ka2 55. Ra8+ Kb1 56. g5 hxg5 57. Kxg5 Rc6 0-1

[Event "Mazowieckie-chT 0506"]
[Site "Poland"]
[Date "2005.10.23"]
[Round "2"]
[White "Galazka, Krzysztof"]
[Black "Pac, Maciej"]
[Result "1-0"]
[WhiteElo "2000"]
[BlackElo "1830"]
[PlyCount "79"]
[EventDate "2005.10.09"]
[EventType "team-tourn"]
[EventRounds "9"]
[EventCountry "POL"]
[SourceTitle "EXT 2019"]
[Source "ChessBase"]
[SourceDate "2018.10.10"]
[SourceVersion "1"]
[SourceVersionDate "2018.10.10"]
[SourceQuality "1"]

1. e4 c5 2. Nf3 d6 3. d4 cxd4 4. Nxd4 Nf6 5. Nc3 a6 6. Be2 e5 7. Nb3 Be6 8. Bg5 Nbd7 9. 0-0 Be7 10. Qd2 b5 11. a3 Nb6 12. Rad1 Nc4 13. Qc1 Qc7 14. Nd2 Nxa3 15. Bxf6 gxf6 16. Bd3 Nc4 17. Nd5 Bxd5 18. exd5 Nb6 19. Be4 f5 20. Bxf5 Nxd5 21. Ne4 Nf4 22. Qe3 d5 23. Nc3 Rd8 24. Qf3 e4 25. Qg4 Qe5 26. g3 Ng6 27. Rfe1 h5 28. Qh3 h4 29. Bxg6 fxg6 30. Qg4 Kf7 31. f4 Qe6 32. f5 gxf5 33. Rf1 hxg3 34. Rxf5+ Bf6 35. Nxd5 gxh2+ 36. Kh1 Rxd5 37. Rdxd5 Ke7 38. Qf4 Qb6 39. Qxe4+ Qe6 40. Rfe5 1-0

[Event "Mazowieckie-chT 0506"]
[Site "Poland"]
[Date "2005.10.09"]
[Round "1"]
[White "Swiecicki, Jaroslaw"]
[Black "Galazka, Krzysztof"]
[Result "0-1"]
[WhiteElo "1800"]
[BlackElo "2000"]
[PlyCount "78"]
[EventDate "2005.10.09"]
[EventType "team-tourn"]
[EventRounds "9"]
[EventCountry "POL"]
[SourceTitle "EXT 2019"]
[Source "ChessBase"]
[SourceDate "2018.10.10"]
[SourceVersion "1"]
[SourceVersionDate "2018.10.10"]
[SourceQuality "1"]

1. d4 d5 2. c4 e6 3. Nc3 Nf6 4. e3 Nbd7 5. Nf3 Be7 6. Be2 dxc4 7. Bxc4 b6 8. 0-0 Bb7 9. Bd2 0-0 10. Rc1 c5 11. Qe2 a6 12. h3 b5 13. Bd3 Rc8 14. Rfd1 c4 15. Bb1 b4 16. Na4 Qa5 17. b3 c3 18. Be1 Bc6 19. Qc2 Be4 20. Rd3 Qh5 21. a3 a5 22. axb4 axb4 23. Qe2 Bxd3 24. Qxd3 Rfd8 25. Qa6 Ra8 26. Qe2 Ra5 27. Kh2 Bd6+ 28. g3 Nd5 29. Kg2 N5b6 30. Nxb6 Nxb6 31. g4 Qh6 32. Ng1 f5 33. f4 Nd5 34. Nf3 Bxf4 35. Bf2 Bxe3 36. Bxe3 Nxe3+ 37. Kf2 f4 38. Rh1 Ra3 39. g5 Qh5 0-1